ბათუმის შოთა რუსთაველის სახელმწიფო უნივერსიტეტის ბიბლიოთეკა

რუმინეთის, ბულგარეთის, ავსტრიის, ლატვიის, ლიტვის, ესტონეთის, მოლდავეთის, სომხეთის, აზერბაიჯანის, რუსეთისა და ბელორუსიის კანონმდებლობა რელიგიისა და რწმენის თავისუფლების შესახებ : (ბიბ.ჩანაწერი № 12056)

000 -ლიდერი
ფიქსირებული სიგრძის საკონტროლო ველი 02244nam a22002777a 4500
003 - საკონტროლო ნომრის იდენტიფიკატორი
საკონტროლო ველი Ge_BSU
005 - ბოლო ოპერაციის თარიღი და დრო
საკონტროლო ველი 20190420191452.0
008 - ფიქსირებული სიგრძის მონაცემთა ელემენტები - ზოგადი ინფორმაცია
ფიქსირებული სიგრძის საკონტროლო ველი 181216s2017 ge ||||| |||| 00| 0 geo d
041 ## - ენის კოდი
Language code of text/sound track or separate title geo
080 ## - უნივერსალური ათობითი კლასიფიკაციის ინდექსი
Universal Decimal Classification number 2
245 ## - ცნობა სათაურის შესახებ
Title რუმინეთის, ბულგარეთის, ავსტრიის, ლატვიის, ლიტვის, ესტონეთის, მოლდავეთის, სომხეთის, აზერბაიჯანის, რუსეთისა და ბელორუსიის კანონმდებლობა რელიგიისა და რწმენის თავისუფლების შესახებ :
Remainder of title წიგნი III /
Statement of responsibility, etc რელიგიის საკითხთა სახელმწიფო სააგენტო ; მთ. რედ.: ზაზა ვაშაყმაძე ; რედ.: მერი ლომია ; მთარგმნ. : ზაზა ვაშაყმაძე, არჩილ მეტრეველი,არჩილ გორხელაშვილი, დავით დავითაშვილი.
264 ## - წარმოების, გამოცემის, დისტრიბუციის და სხვა ცნობები
გამოცემის, წარმოების, დისტრიბუციის... ადგილი თბილისი :
გამოცემის, წარმოების, დისტრიბუციის... სახელწოდება რელიგიის საკითხთა სახელმწიფო სააგენტო,
გამოცემის, წარმოების, დისტრიბუციის... თარიღი 2017.
300 ## - ფიზიკური აღწერა
Extent 160 გვ.
490 ## - სერიის ცნობა
Series statement რელიგია და სამართალი
653 ## - INDEX TERM--UNCONTROLLED
Uncontrolled term რელიგია
653 ## - INDEX TERM--UNCONTROLLED
Uncontrolled term სამართალი
653 ## - INDEX TERM--UNCONTROLLED
Uncontrolled term ისტორია
700 ## - ADDED ENTRY--PERSONAL NAME
Personal name ვაშაყმაძე, ზაზა
Relator term მთ.რედაქტორი
9 (RLIN) 58
700 ## - ADDED ENTRY--PERSONAL NAME
Personal name ლომია, მერი
Relator term რედაქტორი
9 (RLIN) 59
700 ## - ADDED ENTRY--PERSONAL NAME
Personal name ვაშაყმაძე, ზაზა
Relator term მთარგმნელი
9 (RLIN) 58
700 ## - ADDED ENTRY--PERSONAL NAME
Personal name მეტრეველი, არჩილ
Relator term მთარგმნელი
9 (RLIN) 60
700 ## - ADDED ENTRY--PERSONAL NAME
Personal name გორხელაშვილი, არჩილ
Relator term მთარგმნელი
9 (RLIN) 61
700 ## - ADDED ENTRY--PERSONAL NAME
Personal name დავითაშვილი, დავით
Relator term მთარგმნელი
9 (RLIN) 62
710 ## - ADDED ENTRY--CORPORATE NAME
Corporate name or jurisdiction name as entry element რელიგიის საკითხთა სახელმწიფო სააგენტო
9 (RLIN) 63
942 ## - ADDED ENTRY ELEMENTS (KOHA)
Source of classification or shelving scheme
Koha item type წიგნი
ეგზემპლარები
ჩამოწერის სტატუსი დაკარგული ეგზემპლარის სტატუსი კლასიფიკაციის წყარო ან თაროზე გაწყობის სქემა დაზიანების სტატუსი არ გაიცემა მუდმივი მდებარეობა (დაცვის ადგილი) ამჟამინდელი ადგილსამყოფელი შეძენის თარიღი სრული შენახვის შიფრი შტრიხკოდი ბოლო ოპერაციის თარიღი ეგზემპლარის მიმდევრობითი ნომერი (კეტერი?) ფასის ძალაში შესვლის თარიღი ეგზემპლარის სახეობა
          ბათუმის შოთა რუსთაველის სახელმწიფო უნივერსიტეტის მთავარი ბიბლიოთეკა ბათუმის შოთა რუსთაველის სახელმწიფო უნივერსიტეტის მთავარი ბიბლიოთეკა 2018-12-16 2 057 2018-12-16 057 2018-12-16 წიგნი